Bilecik Bilecik Bilecik Bilecik Bilecik

Dişi kurdun rüyaları / (Record no. 25145)

MARC details
000 -BAŞLIK
Sabit Uzunluktaki Kontrol Alanı 01393nam a22003257a 4500
001 - KONTROL NUMARASI
Control Dosyası 0025195
003 - KONTROL NUMARASI KİMLİĞİ
Kontrol Alanı KOHA_MİRAKIL
005 - EN SON İŞLEM TARİHİ ve ZAMANI
Kontrol Alanı 20260207002459.0
007 - FİZİKSEL TANIM SABİT ALAN - GENEL BİLGİ
Sabit uzunluklu kontrol alanı ta
008 - SABİT UZUNLUKTAKİ VERİ ÖGELERİ - GENEL BİLGİ
Sabit Alan 101201b2010 tu |||gr||||#0|||1|tur |
020 ## - ISBN - ULUSLARARASI STANDART KİTAP NUMARASI
Isbn 9789754370096
Kullanılabilirlik koşulları 10,95
040 ## - KATALOGLAMA KAYNAĞI
Özgün Kataloglama Kurumu TR-BiSEU
Kataloglama Dili tur
Çeviri Kurumu TR-BiSEU
Açıklama Kuralları rda
041 0# - DİL KODU
Metin ya da ses kaydının dil kodu tur
044 ## - YAYINLAYAN/ÜRETEN KURULUŞUN ÜLKE KODU
ISO country code tu
050 ## - SINIFLAMA ve YER NUMARASI
Sınıflama Numarası PG3478.A98
Yer Numarası D57 2010
100 1# - KİŞİ ADI
Yazar Adı (Kişi adı) Aytmatov, Cengiz.
245 1# - ESER ADI BİLDİRİMİ
Başlık Dişi kurdun rüyaları /
Sorumluluk Bildirimi Cengiz Aytmatov ; Cengiz Aytmatov ; tercüme Refik Özdek.
264 #1 - ÜRERİM, YAYIN, DAĞITIM ve TELİF BİLDİRİMİ
Yayın yeri İstanbul :
Yayınlayan Ötüken Neşriyat
Yayın tarihi 2010
300 ## - FİZİKSEL TANIMLAMA
Sayfa, Cilt vb. 391 sayfa ;
Boyutları 21 cm.
336 ## - İÇERİK TÜRÜ
Content type term metin
Content type code txt
Source rdacontent
337 ## - MEDYA TÜRÜ
Media type term aracısız
Media type code n
Source rdamedia
338 ## - TAŞIYICI TÜRÜ
Carrier type term cilt
Carrier type code nc
Source rdacarrier
490 1# - DİZİ BİLDİRİMİ
Dizi Bildirimi Edebi Eserler;107
505 ## - İÇİNDEKİLER NOTU
İçindekiler Notu Aytmatov'un yazarlık seyrinin mahalli olandan evrensel olana taşındığı eseridir. Hıristiyanlık temel alınarak Sovyet rejiminin dinî hayat üzerindeki yanlış uygulamalarına, bunun bir neticesi olan uyuşturucu belasına ve bozulan ekolojik dengeye değinilmiştir. Farklı saiklerin bir araya getirdiği acımasız, serseri ve sorumsuz afyon kaçakçıları.... Bu kaçakçılarla yolu belli belirsiz kesişen bir dişi kurt... Bir devrin hüznüdür...
650 #0 - KONU BAŞLIĞI EK GİRİŞ - KONU TERİMİ
Konusal terim veya coğrafi ad Kırgız romanı.
9 (RLIN) 16015
650 #0 - KONU BAŞLIĞI EK GİRİŞ - KONU TERİMİ
Konusal terim veya coğrafi ad Kyrgyz fiction.
9 (RLIN) 16016
830 1# - SERİ EK GİRİŞİ - TEKBİÇİM ESER ADI
Tekbiçim Başlık Edebi Eserler;107
9 (RLIN) 51017
907 ## - LOCAL DATA ELEMENT G, LDG (RLIN)
a Roman
942 ## - EK GİRİŞ ÖGELERİ (KOHA)
Source of classification or shelving scheme Library of Congress Classification
Koha item type Book
505 ## - İÇİNDEKİLER NOTU
--
Holdings
Materyal Türü Kalıcı Konum Mevcut Konum Sınıflandırma Kaynağı Edinim Bilgisi Ana Konular Alt Konular Yer Numarası Demirbaş Numarası Fatura Tarihi Maliyet, Alış Fiyatı Maliyet, Yenileme Fiyatı Geri Çekilme Durumu Kayıp Durumu Hasarlı Durumu Kredi için değil Kayıt Tarih Toplam Ödünçverme Son Görülme Tarihi Son Kontrol Tarihi
Book BŞEÜ Bozüyük MYO Kütüphanesi BŞEÜ Bozüyük MYO Kütüphanesi Library of Congress Classification Satın DİL VE EDEBİYAT Slav Dilleri, Baltık Dilleri, Arnavutça PG3478.I8 D57 2010 0025195 15/12/2010 11.83 11.83         01/12/2010   05/12/2024 05/12/2024
Book BŞEÜ Osmaneli MYO Kütüphanesi BŞEÜ Osmaneli MYO Kütüphanesi Library of Congress Classification Satın DİL VE EDEBİYAT Slav Dilleri, Baltık Dilleri, Arnavutça PG3478.A98 D57 2010 0025197 15/12/2010 11.83 11.83         01/12/2010   05/12/2024 05/12/2024
Book BŞEÜ Pazaryeri MYO Kütüphanesi BŞEÜ Pazaryeri MYO Kütüphanesi Library of Congress Classification Satın DİL VE EDEBİYAT Slav Dilleri, Baltık Dilleri, Arnavutça PG3478.I8 D57 2010 0025198 15/12/2010 11.83 11.83         01/12/2010 2 05/12/2024 05/12/2024